<?xml version="1.0" encoding="UTF-8"?>
<record
    xmlns:xsi="http://www.w3.org/2001/XMLSchema-instance"
    xsi:schemaLocation="http://www.loc.gov/MARC21/slim http://www.loc.gov/standards/marcxml/schema/MARC21slim.xsd"
    xmlns="http://www.loc.gov/MARC21/slim">

  <leader>007810000a22002530004500</leader>
  <controlfield tag="001">109</controlfield>
  <controlfield tag="003">CO-MdFUSB</controlfield>
  <controlfield tag="005">20160531090848.0</controlfield>
  <controlfield tag="008">160531t1999    xxu    f |||| 00| 0 eng d</controlfield>
  <datafield tag="020" ind1=" " ind2=" ">
    <subfield code="a">0-687-05531-8</subfield>
  </datafield>
  <datafield tag="040" ind1=" " ind2=" ">
    <subfield code="a">CO-MdFUSB</subfield>
    <subfield code="b">Espa&#xF1;ol</subfield>
    <subfield code="c">CO-MdFUSB</subfield>
    <subfield code="d">CO-MdFUSB</subfield>
  </datafield>
  <datafield tag="041" ind1="0" ind2=" ">
    <subfield code="a">eng</subfield>
  </datafield>
  <datafield tag="082" ind1="0" ind2="4">
    <subfield code="a">R 220.603 H4171d</subfield>
  </datafield>
  <datafield tag="100" ind1="1" ind2=" ">
    <subfield code="a">Hayes, John H. (1934- )</subfield>
  </datafield>
  <datafield tag="245" ind1="0" ind2="0">
    <subfield code="a">Dictionary of Biblical interpretation</subfield>
    <subfield code="c"> / John H. Hayes, Editor general</subfield>
  </datafield>
  <datafield tag="264" ind1=" " ind2=" ">
    <subfield code="a">Nashville</subfield>
    <subfield code="b"> : Abingdon,</subfield>
    <subfield code="c">1999</subfield>
  </datafield>
  <datafield tag="300" ind1=" " ind2=" ">
    <subfield code="a">653 Pag.</subfield>
  </datafield>
  <datafield tag="336" ind1=" " ind2=" ">
    <subfield code="2">rdacontent</subfield>
    <subfield code="a">1</subfield>
    <subfield code="b">a1</subfield>
  </datafield>
  <datafield tag="337" ind1=" " ind2=" ">
    <subfield code="2">rdamedia</subfield>
    <subfield code="a">2</subfield>
    <subfield code="b">5</subfield>
  </datafield>
  <datafield tag="338" ind1=" " ind2=" ">
    <subfield code="2">rdacarrier</subfield>
    <subfield code="a">2</subfield>
    <subfield code="b">5</subfield>
  </datafield>
  <datafield tag="505" ind1=" " ind2=" ">
    <subfield code="a">1. Bible 2. Inter&#xB4;retation 3. Hermeneutics 4. Dictionaries</subfield>
  </datafield>
  <datafield tag="653" ind1=" " ind2=" ">
    <subfield code="a">INTERPRETACION DE LA BIBLIA </subfield>
    <subfield code="a"> \ BIBLIA -</subfield>
    <subfield code="a"> DICCIONARIOS</subfield>
  </datafield>
  <datafield tag="942" ind1=" " ind2=" ">
    <subfield code="c">BK</subfield>
  </datafield>
  <datafield tag="952" ind1=" " ind2=" ">
    <subfield code="0">0</subfield>
    <subfield code="1">0</subfield>
    <subfield code="2">ddc</subfield>
    <subfield code="4">0</subfield>
    <subfield code="7">0</subfield>
    <subfield code="8">REF</subfield>
    <subfield code="a">FUSBC</subfield>
    <subfield code="b">FUSBC</subfield>
    <subfield code="d">2004-08-25</subfield>
    <subfield code="l">0</subfield>
    <subfield code="o">R 220.603 H4171d </subfield>
    <subfield code="p">7963</subfield>
    <subfield code="r">2024-05-16 00:00:00</subfield>
    <subfield code="t">Vol. 1, ej. 1</subfield>
    <subfield code="w">2016-01-26</subfield>
    <subfield code="y">REF</subfield>
    <subfield code="B">0</subfield>
    <subfield code="I">INV2023</subfield>
  </datafield>
  <datafield tag="952" ind1=" " ind2=" ">
    <subfield code="0">0</subfield>
    <subfield code="1">0</subfield>
    <subfield code="2">ddc</subfield>
    <subfield code="4">0</subfield>
    <subfield code="7">0</subfield>
    <subfield code="8">REF</subfield>
    <subfield code="a">FUSBC</subfield>
    <subfield code="b">FUSBC</subfield>
    <subfield code="d">2004-08-25</subfield>
    <subfield code="l">0</subfield>
    <subfield code="o">R 220.603 H4171d </subfield>
    <subfield code="p">7964</subfield>
    <subfield code="r">2025-03-19 00:00:00</subfield>
    <subfield code="t">Vol. 2, ej. 1</subfield>
    <subfield code="w">2016-01-26</subfield>
    <subfield code="y">REF</subfield>
    <subfield code="B">0</subfield>
    <subfield code="I">INV2023</subfield>
  </datafield>
  <datafield tag="999" ind1=" " ind2=" ">
    <subfield code="c">31660</subfield>
    <subfield code="d">31660</subfield>
  </datafield>
</record>
